Вътрешни болести (Запис номер 2046)
[ съкратено ]
| 000 -Лидер | |
|---|---|
| Контролно поле с фиксирана дължина | 01205nam a2200313 c 4500 |
| 003 - Код на организацията, давaща контролен номер | |
| Контролно поле | BLK |
| 005 - Дата и час на последна редакция | |
| Контролно поле | 20221205092848.0 |
| 008 - Елементи от данни с фиксирана дължина | |
| fixed length control field | 180412b bul|||||r ||||||| ||bul|| |
| 010 ## - Наследен системен номер | |
| LC control number | KNG00002982000 |
| 040 ## - Източник на каталожния запис | |
| Идентификатор на билиотеката - собственик на записа | BLK |
| 041 ## - Код за език | |
| Код за езика на текст/звукозапис или на отделно заглавие | Български |
| Код за езика КДБФ | Български |
| 080 ## - УДК | |
| Текстов определител УДК | Вътрешни болести |
| УДК код - определител по УДК | 616.1/.4 |
| УДК - код + определител | 616.1/.4 |
| 139 ## - Редно поле | |
| Редна дума | Вътрешни болести |
| Авторски знак | Въс - В 98 |
| 245 10 - Сведения за заглавието | |
| Заглавие | Вътрешни болести |
| Подзаглавни данни | Учебник за студенти по медицина : Т. 1 - |
| Редно поле (дума) | ред. Атанас Малеев; авт. на том Лилия Маркова Атанасова. |
| Том | Т. 3 |
| 257 ## - Страна на издаване | |
| Страна на създаване/издаване | България |
| 260 ## - Област на издателските данни | |
| Име на издателя, разпространителя и проч. | Медицина и физкултура |
| Година на издаване | 1980 |
| Място на издаване, разпространение и проч. | София |
| 300 ## - Физическа характеристика | |
| Размери/Мащаб | 21 см |
| 380 ## - Жанр | |
| Жанр | Медицина |
| 650 #4 - Допълнително описание по предмет – тема | |
| Основно описание – тема или топоним | Вътрешни болести - учебници за ВУЗ |
| 9 (RLIN) | 244372 |
| 653 ## - Ключова дума – ненормативна | |
| Ключова дума | вътрешни болести |
| 700 1# - Други автори (авторска отговорност) | |
| Лично име | Малеев, Атанас |
| Автороска отговорност (Описва отношението между автора и произведението) | ред. |
| 9 (RLIN) | 244370 |
| 700 1# - Други автори (авторска отговорност) | |
| Лично име | Атанасова, Лилия Маркова |
| Автороска отговорност (Описва отношението между автора и произведението) | авт. на том |
| 9 (RLIN) | 245203 |
| 760 1# - Описание на основната серия | |
| Страници - том | 547 с., 8 л. : с ил. |
| Заглавие | Т. 3 |
| 852 ## - Местоположение | |
| Форматна сигнатура | Цб 104280 |
| 856 4# - Електронен адрес и достъп | |
| Електронен формат | pdf - файл |
| Път до файла /url/ | |
| Инструкция (цена за достъп) | 0.00 |
| Права за достъп | disable |
| 856 4# - Електронен адрес и достъп | |
| Електронен формат | pdf - файл |
| Път до файла /url/ | |
| Инструкция (цена за достъп) | 0.00 |
| Права за достъп | disable |
| 999 ## - СИСТЕМНИ КОНТРОЛНИ НОМЕРА | |
| Koha biblionumber | 2046 |
| Koha biblioitemnumber | 2046 |
| 942 ## - АРТИКУЛИ | |
| Вид на библиотечния материал | Книги |
| Скрит в OPAC | Не |
| Периодичен библиозапис | Да |
| 944 ## - СЪЗДАВАНЕ И РЕДАКЦИЯ на ЗАПИСА | |
| Създаване/Редакция | Създаване |
| Дата на регистрацията/редакция | 19.06.2006 |
| Служител, извършил регистрацията/редакцията | Геновева_Генчева |
| 944 ## - СЪЗДАВАНЕ И РЕДАКЦИЯ на ЗАПИСА | |
| Създаване/Редакция | Редакция |
| Дата на регистрацията/редакция | 19.06.2006 |
| 999 ## - СИСТЕМНИ КОНТРОЛНИ НОМЕРА | |
| Koha biblioitemnumber | 2046 |
| Код за отписване | Код за изгубен артикул | Източник на класификационната схема | Код за повреда | Коз за рестрикции | Код за отдаване | Артикулен № | Име на библиотеката - собственик | Име на библиотеката, в която се намира в момента | Статус (Текущо местоположение) | Дата на вписване в системата | Местоположение - отдел | Цена в лева | Инвентарен номер | Систематично азбучна сигнатура | Баркод | Номер на екземпляра | Цена в евро | Служебна бележка | Служебен тип на артикула |
|---|---|---|---|---|---|---|---|---|---|---|---|---|---|---|---|---|---|---|---|
| Не е изгубен | Universal Decimal Classification | Не е повреден | само за читалня | ползва се в читалня | 3816 | Регионална библиотека "Любен Каравелов" Русе | Регионална библиотека "Любен Каравелов" Русе | Хранилище | 1980-01-01 | Хранилище | 3.34 | 315481 | Цб 104280 | 120000315481 | 1 | 1.71 | Дост: Dp Вид: Д N: стар фонд Дата: 01.01.1980 | Книги | |
| Не е изгубен | Universal Decimal Classification | Не е повреден | без рестрикции | заемане за дома | 3817 | Регионална библиотека "Любен Каравелов" Русе | Регионална библиотека "Любен Каравелов" Русе | Заемна - подръчен фонд | 1980-01-01 | Заемна - подръчен фонд | 3.34 | 315794 | П 616.1/.4/В 98 | 120000315794 | 2 | 1.71 | Дост: Pk Вид: Ф N: стар фонд Дата: 01.01.1980 Дата инв: 02.02.2018 Бележки инв: П2018 | Книги | |
| Изтеглен | Не е изгубен | Universal Decimal Classification | Не е повреден | без рестрикции | заемане за дома | 3818 | Регионална библиотека "Любен Каравелов" Русе | Регионална библиотека "Любен Каравелов" Русе | Заемна - подръчен фонд | 1980-01-01 | Заемна - подръчен фонд | 0.00 | 315795 | П 616.1/.4/В 98 | 315795 | 3 | 0.00 | Дост: Pk Вид: Ф N: стар фонд Дата: 01.01.1980 | Книги |
| Изтеглен | Не е изгубен | Universal Decimal Classification | Не е повреден | без рестрикции | заемане за дома | 3819 | Регионална библиотека "Любен Каравелов" Русе | Регионална библиотека "Любен Каравелов" Русе | Заемна - подръчен фонд | 1980-01-01 | Заемна - подръчен фонд | 3.34 | 315797 | П 616.1/.4/В 98 | 315797 | 4 | 1.71 | Дост: Pk Вид: Ф N: стар фонд Дата: 01.01.1980 | Книги |
| Изтеглен | Не е изгубен | Universal Decimal Classification | Не е повреден | без рестрикции | заемане за дома | 3820 | Регионална библиотека "Любен Каравелов" Русе | Регионална библиотека "Любен Каравелов" Русе | Заемна - подръчен фонд | 1980-01-01 | Заемна - подръчен фонд | 3.34 | 315798 | П 616.1/.4/В 98 | 315798 | 5 | 1.71 | Дост: Pk Вид: Ф N: стар фонд Дата: 01.01.1980 Дата инв: 19.02.2018 Бележки инв: П2018 | Книги |